000 00507cam a2200205ua 4500
001 9342
005 20260515114444.0
008 150730n ii |||gr||||Z||||||asm
040 _cMAIN
041 _aasm
082 _a305.8
245 1 2 _aBoro-kachharir samaaj aru sanskriti
_cby Bhaben Narzi
250 _a3rd ed./ rep.
260 _aGuwahati:
_bBina library,
_c2009.
300 _a256p.
653 _aSocial groups
653 _aBoro-kachhari tribe
700 _aNarzi, Bhaben,
_eAuthor.
942 _cBK
999 _c8394
_d8394